000 00576nam a22001937a 4500
999 _c179269
_d179269
005 20210603160826.0
010 _aB-739972
020 _a0892816775
035 _aB-739972
037 _bGift
082 _a181.432
100 _aJohari, Harish
245 _aChakras:
_benergy centers of transformation /
_cby Harish Johari
260 _aUSA
_bInner Traditions India
_c1987
300 _a116p.:
_bill.
_c28cm(pbk)
500 _ainclude index
942 _2ddc
_cEN
_h181.432
_mJOH